[Event "ITA-ch U16"]
[Site "Salsomaggiore Terme"]
[Date "2019.07.12"]
[Round "7"]
[White "Lugli, Daniele"]
[Black "Pozzari, Simone"]
[Result "0-1"]
[WhiteElo "1614"]
[BlackElo "2179"]
[PlyCount "80"]
[EventDate "2019.07.07"]
[EventType "swiss"]
[EventRounds "9"]
[EventCountry "ITA"]
[SourceTitle "EXT 2020"]
[Source "ChessBase"]
[SourceDate "2019.10.17"]
[SourceVersion "1"]
[SourceVersionDate "2019.10.17"]
[SourceQuality "1"]

1. e4 Nf6 2. e5 Nd5 3. d4 d6 4. c4 Nb6 5. exd6 exd6 6. Nc3 Be7 7. Bd3 0-0 8. Nge2 Nc6 9. 0-0 Bf6 10. b3 Bg4 11. f3 Nxd4 12. Bxh7+ Kxh7 13. Nxd4 Bh5 14. Ne4 Bg6 15. Nxf6+ Qxf6 16. Be3 Rfe8 17. Bf2 c6 18. Ne2 Rad8 19. Qd2 Rd7 20. Nf4 Bf5 21. Rae1 Rde7 22. Nh5 Qg6 23. Ng3 Rxe1 24. Rxe1 Rxe1+ 25. Bxe1 d5 26. Bf2 dxc4 27. Bxb6 axb6 28. bxc4 Be6 29. Ne4 f6 30. Qd4 c5 31. Qd3 f5 32. Nc3 Qf7 33. Nd5 b5 34. Nf4 Bxc4 35. Qd6 Qe8 36. Kf2 g5 37. Qc7+ Kg8 38. Nh3 Qe2+ 39. Kg3 f4+ 40. Nxf4 Qe1+ 0-1